000 00816nam a22002057a 4500
999 _c1467
_d1467
003 AR-CdUCM
008 190227b ||||| |||| 00| 0 spa d
040 _aMUNICIPALIDAD PROVINCIAL DEL CUSCO
_cBIBLIOTECA MUNICIPAL DEL CUSCO
082 _a985.019 /
_bP44
100 _aPerez Aranibar, Lizardo
_95568
245 _aInkakunaq mit'anpi qelqay :
_bla graficación en la época de los gobernantes /
260 _aCusco :
_bAmericar,
_c1990.
300 _a110 páginas ;
_bIlustraciones
_c20.5 cm
505 _aPujyukua -- Caracteres especiales de los sistemas -- Marco de realización y desarrollo de las graficaciones inkaikas -- Qelqa khipu taqekunamanta de las bibliotecas ...
650 _aGraficación
_95569
650 _aIncas
_9303
650 _aQelqay
_95570
942 _2ddc
_cLIBROS
945 _aafb
_d2019-02-27